000
00214 a2200097 4500
001
32481
100
_a
Arrillaga, Jos
245
_a
AC DC Power systems Analysis
260
_a
London
_b
IEE
_c
090
_c
21755
_d
21755
942
_a
NUST-CAE
_c
M
_c
13064
999
_c
267554
_d
267554